Mil soles / (Registro nro. 13274)
[ vista simple ]
| 000 -LIDER | |
|---|---|
| fixed length control field | 00700nam a22002297a 4500 |
| 003 - IDENTIFICACDOR DE NÚMERO DE CONTROL | |
| control field | DO-SdBNP |
| 005 - DATE AND TIME OF LATEST TRANSACTION | |
| control field | 20230426140137.0 |
| 008 - ELEMENTOS DE LONGITUD FIJA | |
| fixed length control field | 180209b 1997 sp || 00| 0 spa d |
| 020 ## - ISBN | |
| International Standard Book Number | 8432240486 |
| 040 ## - FUENTE DE CATALOGACIÓN | |
| Agencia que crea de manera original el registro | BPMSU |
| Idioma de catalogación | spa |
| Agencia que realiza la transcripción | BPMSU |
| 082 #4 - NÚMERO DE CLASIFICACIÓN DECIMAL DE DEWEY | |
| Classification number | 843.91 |
| Item number | L313m 1997 |
| Edition number | 22 |
| 100 1# - ASIENTO PRINCIPAL -- NOMBRE PERSONAL | |
| Nombre personal | Lapierre, Dominique, |
| Fechas asociadas con el nombre | 1931- |
| 245 ## - MENCIÓN DE TITULO | |
| Título | Mil soles / |
| Mención de responsabilidad | Dominique Lapierre ; traducción Pilar Giralt Gorina |
| 260 ## - PUBLICACIÓN, DISTRIBUCIÓN, ETC. (PIE DE IMPRENTA) | |
| Lugar de publicación, distribución, etc | Barcelona : |
| Nombre del editor, distribuidor, etc. | Editorial Planeta, |
| Fecha de publicación, distribución, etc | 1997 |
| 300 ## - DESCRIPCIÓN FÍSICA | |
| Extensión | 475 p. ; |
| Dimensiones | 26 cm. |
| 590 ## - NOTA LOCAL | |
| Enlace | Inventariado, 2023/VM |
| 650 #4 - ENCABEZAMIENTO DE MATERIA--TEMÁTICO | |
| Término temático o nombre geográfico como elemento de entrada | Novela francesa |
| 650 #4 - ENCABEZAMIENTO DE MATERIA--TEMÁTICO | |
| Término temático o nombre geográfico como elemento de entrada | Problemas sociales |
| Subdivisión de forma | Novela |
| 700 1# - ASIENTO SECUNDARIO -- NOMBRE PERSONAL | |
| Nombre personal | Giralt Gorina, Pilar, |
| Mención de responsabilidad | tr. |
| 910 ## - VALIDACIÓN | |
| Validación | VMatero V.Control de calidad (BPMSU) |
| 942 ## - ADDED ENTRY ELEMENTS (KOHA) | |
| Source of classification or shelving scheme | Dewey Decimal Classification |
| Koha item type | Libros |
| Withdrawn status | Lost status | Source of classification or shelving scheme | Damaged status | Not for loan | Collection code | Home library | Current library | Date acquired | Full call number | Barcode | Date last seen | Price effective from | Koha item type |
|---|---|---|---|---|---|---|---|---|---|---|---|---|---|
| Dewey Decimal Classification | Colección General | Biblioteca Pública Metropolitana Salomé Ureña | Biblioteca Pública Metropolitana Salomé Ureña | 02/09/2018 | BPMSU CG 843.91 L313m 1997 | BPMSU18020107 | 02/09/2018 | 02/09/2018 | Libros |